000
003190000a22001450004500
003
MACL
040
_a
MACL
090
_c
8918
_d
8917
100
_a
Hawley , John Stratton
245
_a
Songs of the Saints of India
260
_b
Oxford University Press
_c
2004
350
_a
295
650
_a
Religion
942
_c
BOOK
_k
294
999
_c
8863
_d
8863